| 000 | 00371nam a2200145Ia 4500 | ||
|---|---|---|---|
| 005 | 20250411055155.0 | ||
| 008 | 240331s9999 xx 000 0 und d | ||
| 082 |
_bPER _a891 |
||
| 100 | _aPerera,H.S | ||
| 245 | 0 | _aBagawath geethaa | |
| 260 |
_aColombo _bM.D.Gunasena book shop _c1985 |
||
| 300 | _a168 p ., | ||
| 500 | _aSinhala Translation of Bhagwat Geetha | ||
| 942 | _cL | ||
| 999 |
_c5353 _d5353 |
||